000
00311nam a2200109Ia 4500
008
231219s9999 xx 000 0 und d
041
_a
eng
100
_a
David -Doyle
245
_a
The Art & Science Of Financial Management (Cost Control) Vol -5
260
_b
Creast Pubs House ,NewDelhi
650
_a
Management
999
_c
978536
_d
978536